Revue obchodu, průmyslu, hospodářství Časopis Československé obchodní a průmyslové komory

Guardado en:
Detalles Bibliográficos
Formato: Seriadas
Lenguaje:checo
Publicado: Praha Rapid 1990
Materias:
Etiquetas: Agregar Etiqueta
Sin Etiquetas, Sea el primero en etiquetar este registro!

MARC

LEADER 00000nas2a2200000 4500
001 s006464
005 20041019155326.8
041 0 |a cze 
044 |a CZ 
245 1 0 |a Revue obchodu, průmyslu, hospodářství  |b Časopis Československé obchodní a průmyslové komory 
264 1 |a Praha  |b Rapid  |c 1990 
300 |a 1 zv. 
773 0 |w eu_un_cat*s120487 
610 2 0 |a podnikanie 
610 2 0 |a vzťahy hospodárske medzinárodné 
610 2 0 |a obchod 
610 2 0 |a priemysel